Unix systems for modern architectures symmetric multiprocessing and caching for kernel programmers (Record no. 583803)
[ view plain ]
| 000 -LEADER | |
|---|---|
| fixed length control field | 00563nam a22001817a 4500 |
| 003 - CONTROL NUMBER IDENTIFIER | |
| control field | CEME |
| 005 - DATE AND TIME OF LATEST TRANSACTION | |
| control field | 20210628210237.0 |
| 008 - FIXED-LENGTH DATA ELEMENTS--GENERAL INFORMATION | |
| fixed length control field | 210215b xxu||||| |||| 00| 0 eng d |
| 020 ## - INTERNATIONAL STANDARD BOOK NUMBER | |
| International Standard Book Number | 0-201-63338-X |
| 040 ## - CATALOGING SOURCE | |
| Transcribing agency | . |
| 082 ## - DEWEY DECIMAL CLASSIFICATION NUMBER | |
| Classification number | 005.42 SCH |
| 100 ## - MAIN ENTRY--PERSONAL NAME | |
| Personal name | Schimmel, Curt |
| 9 (RLIN) | 78708 |
| 245 ## - TITLE STATEMENT | |
| Title | Unix systems for modern architectures symmetric multiprocessing and caching for kernel programmers |
| 260 ## - PUBLICATION, DISTRIBUTION, ETC. | |
| Place of publication, distribution, etc. | NEW YORK |
| Name of publisher, distributor, etc. | ADDISON WESLEY |
| Date of publication, distribution, etc. | 1994 |
| 300 ## - PHYSICAL DESCRIPTION | |
| Extent | 396P |
| 650 ## - SUBJECT ADDED ENTRY--TOPICAL TERM | |
| Topical term or geographic name entry element | OPERATING SYSTEM-UNIX COMPUTER ARCHTITECTURE UNIX-COMPUTER FILE |
| 9 (RLIN) | 78709 |
| 942 ## - ADDED ENTRY ELEMENTS (KOHA) | |
| Koha item type | Book |
| Source of classification or shelving scheme | |
| Withdrawn status | Lost status | Damaged status | Not for loan | Permanent Location | Current Location | Shelving location | Date acquired | Total Checkouts | Full call number | Barcode | Date last seen | Price effective from | Koha item type |
|---|---|---|---|---|---|---|---|---|---|---|---|---|---|
| College of Electrical & Mechanical Engineering (CEME) | College of Electrical & Mechanical Engineering (CEME) | General Stacks | 06/20/2017 | 005.42 SCH | CEME-33771 | 06/28/2021 | 06/28/2021 | Book |
